| 000 | 00818nam a22001697a 4500 | ||
|---|---|---|---|
| 008 | 140916b xxu||||| |||| 00| 0 eng d | ||
| 020 | _a9781403999269 | ||
| 050 | _aKD442.A85 | ||
| 100 | _aAskey, Simon | ||
| 245 |
_aStudying law. / _cSimon Askey and Ian McLeod |
||
| 260 |
_aNew York, _bPalrave Macmillan, _c2006. |
||
| 300 |
_aix, 194p. _c22cm. |
||
| 500 | _aIncludes index | ||
| 505 | _aContents: Studying law: what's it all about? -- The Sources of English law -- The Constitutional background to English law -- The Jurisdictions of the principal courts -- The Protection of human rights and fundamental -- Finding and citing the sources of law -- Legal method -- Written English Answering essay questions -- Answering problem questions -- Oral skills -- Appendices. | ||
| 700 | _aMcLeod, Ian | ||
| 942 |
_2lcc _cBK |
||
| 999 |
_c4855 _d12355 |
||